Automatizovaná kancelária
Uložené v:
| Hlavný autor: | |
|---|---|
| Korporativný autor: | |
| Ďalší autori: | , , |
| Médium: | Kniha |
| Jazyk: | Slovak |
| Vydavateľské údaje: |
Bratislava
Vydavateľstvo EKONÓM
1999
|
| Predmet: | |
| Tagy: |
Žiadne tagy, Buďte prvý, kto otaguje tento záznam!
|
MARC
| LEADER | 00000nam a2200000 4500 | ||
|---|---|---|---|
| 001 | c107931 | ||
| 005 | 20221007085541.8 | ||
| 020 | |a 80-225-1052-1 | ||
| 041 | 0 | |a slo | |
| 044 | |a SK | ||
| 245 | 1 | 0 | |a Automatizovaná kancelária |c Mojmír Kokles a kolektív |
| 264 | 1 | |a Bratislava |b Vydavateľstvo EKONÓM |c 1999 | |
| 300 | |a 186 s. | ||
| 610 | 2 | 0 | |a technológie informačné |
| 610 | 2 | 0 | |a informácie |
| 610 | 2 | 0 | |a kancelárie |
| 610 | 2 | 0 | |a automatizácia |
| 610 | 2 | 0 | |a automatizácia administratívy |
| 610 | 2 | 0 | |a pracovisko |
| 610 | 2 | 0 | |a multimédiá |
| 610 | 2 | 0 | |a siete počítačové |
| 610 | 2 | 0 | |a marketing |
| 610 | 2 | 0 | |a softvér |
| 610 | 2 | 0 | |a hardvér |
| 610 | 2 | 0 | |a počítače |
| 610 | 2 | 0 | |a využitie počítačov |
| 610 | 2 | 0 | |a komunikácia |
| 610 | 2 | 0 | |a dokumenty |
| 610 | 2 | 0 | |a pošta elektronická |
| 610 | 2 | 0 | |a služby informačné |
| 610 | 2 | 0 | |a firmy |
| 610 | 2 | 0 | |a obchod elektronický |
| 610 | 2 | 0 | |a bankovníctvo elektronické |
| 610 | 2 | 0 | |a peniaze elektronické |
| 610 | 2 | 0 | |a karty čipové |
| 610 | 2 | 0 | |a internet |
| 100 | 1 | |a Kokles, Mojmír | |
| 700 | 1 | |a Gebura, Ľubomír | |
| 700 | 1 | |a Petrík, František | |
| 700 | 1 | |a Kovács, Gustáv | |
| 710 | 2 | |a Ekonomická univerzita v Bratislave. Fakulta podnikového manažmentu | |